MARC details
| 000 -LEADER |
| fixed length control field |
02021 a2200313 4500 |
| 001 - CONTROL NUMBER |
| control field |
71388 |
| 003 - CONTROL NUMBER IDENTIFIER |
| control field |
TR-AnTOB |
| 005 - DATE AND TIME OF LATEST TRANSACTION |
| control field |
20260206135655.0 |
| 008 - FIXED-LENGTH DATA ELEMENTS--GENERAL INFORMATION |
| fixed length control field |
120416s2002 tu 000 0 |
| 040 ## - CATALOGING SOURCE |
| Original cataloging agency |
TR-AnTOB |
| Transcribing agency |
TR-AnTOB |
| 041 0# - LANGUAGE CODE |
| Language code of text/sound track or separate title |
İngilizce |
| 050 00 - LIBRARY OF CONGRESS CALL NUMBER |
| Classification number |
DR589 |
| Item number |
.S33 2002 |
| 090 ## - LOCALLY ASSIGNED LC-TYPE CALL NUMBER (OCLC); LOCAL CALL NUMBER (RLIN) |
| Classification number (OCLC) (R) ; Classification number, CALL (RLIN) (NR) |
AV DR589 .S33 2002 |
| 100 1# - MAIN ENTRY--PERSONAL NAME |
| Personal name |
Shaw, Stanford J. |
| Fuller form of name |
(Stanford Jay), |
| Dates associated with a name |
1930-2006 |
| 9 (RLIN) |
106844 |
| 245 10 - TITLE STATEMENT |
| Title |
From empire to republic |
| Remainder of title |
the Turkish war of national liberation 1918-1923 : a documentary study / |
| Statement of responsibility, etc. |
Stanford J. Shaw. |
| 246 33 - VARYING FORM OF TITLE |
| Title proper/short title |
The Turkish war of natioanl liberation 1918-1923 a documentary study |
| 264 #1 - PRODUCTION, PUBLICATION, DISTRIBUTION, MANUFACTURE, AND COPYRIGHT NOTICE |
| Place of production, publication, distribution, manufacture |
Ankara : |
| Name of producer, publisher, distributor, manufacturer |
Turkish Historical Society, |
| Date of production, publication, distribution, manufacture, or copyright notice |
2002 |
| 300 ## - PHYSICAL DESCRIPTION |
| Extent |
1 CD-ROM (4 3/4 in). |
| Other physical details |
sd., col. ; |
| Dimensions |
4.75 in. |
| 490 0# - SERIES STATEMENT |
| Series statement |
Türk Tarih Kurumu yayınları |
| 500 ## - GENERAL NOTE |
| General note |
Set up : CD-ROM setup/installation is requried before first use. Setup/installation shield verifies the existence of adequate fonts and software on your computer. When missing, setup automatically procedes with the installation of the necessary fonts and software.Thereafter, CD-ROM runs automatically. |
| 505 ## - FORMATTED CONTENTS NOTE |
| Formatted contents note |
From Empire to Republic : The Turkish War of National Liberation 1918-1923 : a documentary Study Vol. 1. -- The Turkish War of National Liberation 1918-1923 : a documentary Study Vol. 2. --The Turkish War of National Liberation 1918-1923 : a documentary Study Vol. 3. Part 1 -- The Turkish War of National Liberation 1918-1923 : a documentary Study Vol. 3.Part 2 --The Turkish War of National Liberation 1918-1923 : a documentary Study Vol. 4. -- The Turkish War of National Liberation 1918-1923 : a documentary Study |
| 530 ## - ADDITIONAL PHYSICAL FORM AVAILABLE NOTE |
| Additional physical form available note |
System requirements : Pentium CPU, 64 MB RAM, 32*CD-ROM. |
| 538 ## - SYSTEM DETAILS NOTE |
| System details note |
System requirements: Pentium CPU; 64 Mb RAM; 40x CD-ROM player; 26 Mb Sound card; 8Mb video card; Media player. |
| 651 #0 - SUBJECT ADDED ENTRY--GEOGRAPHIC NAME |
| Geographic name |
Türkiye |
| General subdivision |
Tarih |
| Chronological subdivision |
Kurtuluş Savaşı, 1918-1923 |
| 9 (RLIN) |
10811 |
|
| Geographic name |
Turkey |
| General subdivision |
History |
| Chronological subdivision |
Revolution, 1918-1923 |
| 9 (RLIN) |
41590 |
| 710 2# - ADDED ENTRY--CORPORATE NAME |
| Corporate name or jurisdiction name as entry element |
Türk Tarih Kurumu |
| 9 (RLIN) |
46395 |
| 942 ## - ADDED ENTRY ELEMENTS (KOHA) |
| Koha item type |
Book |
| Source of classification or shelving scheme |
Library of Congress Classification |
| 945 ## - LOCAL PROCESSING INFORMATION (OCLC) |
| a |
MC, 29.07.2008- eu |